| 000 | 01226nam a2200337Ia 4500 | ||
|---|---|---|---|
| 001 | Para_9663 | ||
| 003 | CHAP | ||
| 008 | 220125s9999 xx 000 0 und d | ||
| 010 | _a208339 | ||
| 040 | _cCHAP | ||
| 090 | _aPA TESIS 2284 | ||
| 100 |
_aFlores Flores, Jhony Angel _941523 |
||
| 245 |
_aAlelopatía de extractos de semillas de avena silvestre (Avena fatua L.) y alpiste (Phalaris minor Retz) Sobre la germinación de trigo (Triticum aestivum L.) en laboratorio en Chapingo, Méx. / _c Jhony Angel Flores Flores. |
||
| 260 |
_aChapingo, Méx. : _b el autor, 2009 |
||
| 300 | _a31 h. | ||
| 502 | _aTesis (Ing. Agr. Esp. en Parasitología Agrícola) -- UACh. Departamento Parasitología Agrícola | ||
| 650 |
_aAlelopatia _93761 |
||
| 650 |
_aAvena fatua _98557 |
||
| 650 |
_aFisiologia vegetal _941136 |
||
| 650 |
_aPhalaris minor Retz _9174662 |
||
| 650 |
_aPlantas _x competencia _988798 |
||
| 650 |
_aTrigo _x malas hierbas _xcontrol _9115054 |
||
| 710 |
_aUACh. Departamento Parasitología Agrícola _9164025 |
||
| 901 | _aPA TESIS 2284 | ||
| 902 | _aM | ||
| 905 | _a500220 8000000000 00 | ||
| 910 | _a | ||
| 942 | _cPARA | ||
| 942 |
_cPARA _d2 |
||
| 999 |
_c208339 _d208339 |
||